Nosné princípy daňovej spravodlivosti a efektívnosti

Historický pohľad na princípy daňovej spavodlivosti. Názor na zdaňovanie v učení Adama Smitha. Zásady a princípy zdaňovania. Dve dimenzie spravodlivosti. Pozitívne očakávania od realizácie daňovej reformy na Slovensku.

Salvato in:
Dettagli Bibliografici
Autore principale: Burák, Emil
Natura: Capitolo di libro
Lingua:slovacco
Soggetti:
Tags: Aggiungi Tag
Nessun Tag, puoi essere il primo ad aggiungerne!!

MARC

LEADER 00000naa$a2200000$$$4500
001 0002264
005 20230925124102.0
041 0 |a slo 
044 |a SK 
245 1 0 |a Nosné princípy daňovej spravodlivosti a efektívnosti  |c aut. Emil Burák 
520 |a Historický pohľad na princípy daňovej spavodlivosti. Názor na zdaňovanie v učení Adama Smitha. Zásady a princípy zdaňovania. Dve dimenzie spravodlivosti. Pozitívne očakávania od realizácie daňovej reformy na Slovensku. 
610 2 0 |a dane 
610 2 0 |a reformy daňové 
610 2 0 |a systémy daňové 
610 2 0 |a zdaňovanie 
610 2 0 |a optimalizácia daňová 
610 2 0 |a história 
100 1 |a Burák, Emil